000 00779nam a2200253Ia 4500
003 OSt
005 20220925215259.0
006 a|||||r|||| 00| 0
007 ta
008 220923b |||||||| |||| 00| 0 eng d
020 _a0 435 84500 4
037 _cGeneral Book
040 _aRTL
_cRTL
_beng
041 _2eng
_aeng
082 _aX65291.1(X).N7, L4/TD3
100 _aLittle I M D
_9105011
245 0 _aProject appraisal and planning for developing countries
260 _aLondon
_bHeinemann Educational Books UK
_c1974
300 _axii,388p. Bibliography p 374-82
_ccm.
650 _aSecurity
700 _a Mirrlees J A
_9153079
942 _hX65291.1(X).N7, L4/TD3
_cGB
_2CC
999 _c568344
_d568344